| 000 | 00705nam a2200229Ia 4500 | ||
|---|---|---|---|
| 008 | 191130s2006##################000#0#eng## | ||
| 020 | _a9788131506578 | ||
| 022 | _a98061181 | ||
| 040 |
_aACL _cACL |
||
| 082 | _a301.01 ADL | ||
| 100 | _aAdler, Emily Stier | ||
| 245 |
_aInvitation to social research _cEmily Stier Adler, Roger Clark |
||
| 260 |
_aThousand Oaks, CA _bSAGE Publications _cc2006 |
||
| 300 | _axi, 179 p. ; 24 cm | ||
| 500 | _aIncludes bibliographical references (p. [167]-172) and index | ||
| 650 | _aSociology - Methodology | ||
| 650 | _aSociology - Philosophy | ||
| 700 | _aClark, Roger | ||
| 990 | _ab4f380c1ac10000c3e88763af2ca55eb | ||
| 991 | _a226283 | ||
| 999 |
_c220780 _d220780 |
||